000 00925nam a22002537a 4500
001 0000003876
003 PPM
005 20260423163116.0
008 260423b ||||| |||| 00| 0 eng d
020 _a9833109101
_cRM 60.00
_qHardback
035 _a0000003876
040 _bEng
_cPusat Penyelidikan Mineral, Jabatan Mineral Dan Geosains Malaysia
_dPPM
_eRDA
082 0 0 _223
_a658.4022
_bGEO 2005
100 1 _aGeorge, Thomas
_eauthor
245 1 0 _aCreating High Performance Teams : A Facilitator's Guide /
_cby Thomas George
260 1 _aKuala Lumpur :
_bNational Institute of Public Administration,
_c2005
300 0 0 _axvii, 250 pages .;
_bsome colour, table, illustrations .;
_c26 cm
500 _aBAHAN KOLEKSI NEGARA (879138)
504 _aIncludes bibliographical references and indexs
650 1 0 _aTeams in the workplace
650 2 0 _aWork environment
650 2 0 _aOrganizational behavior
942 _2ddc
_cBK
999 _c27228
_d27228